00786pab a2200133 454500008004000000100002300040245008300063260000900146300001400155362000800169520040700177650002600584773004200610180718b2004 xxu||||| |||| 00| 0 eng d aYesilkagit, Kutsal aThe design of public agencies: overcoming agency costs and commitment problems c2004 ap.119-27. aMay aThis article focuses on problems of institutional design from a political perspective. It examines the problems of agentification using a principal-Agent framework, and attempts to explain the choices made between problems of commitment and problems of agency. The fundamental problem addressed is the degree of autonomy possible within a broader framework of political control of policy. - Reproduced. aPublic administration aPublic Administration and Development